| 000 | 01992nam a2200373 c 4500 | ||
|---|---|---|---|
| 003 | BLK | ||
| 005 | 20180422102511.0 | ||
| 008 | 180408b bul|||||r ||||||| ||bul|| | ||
| 010 | _aKNG00066567000 | ||
| 020 |
_a954-407-202-0 _bиздат.: Нов човек |
||
| 040 | _aBLK | ||
| 041 |
_aBUL _cBUL |
||
| 080 |
_aРелигиозни обряди и тайнства. Ръкополагане в духовен сан, кръщаване, 1-во и последно причастие, венчаване, изповед, освещаване на гражд. сгради, екзорсизъм(като тайнството изцеление на обладан _b265 _x _z265 |
||
| 080 |
_aРелигиозен морал - Свобода на волята, съвест, добродетели, грехове, 10-те Божи заповеди, изповеди, причастия, пости, съсловни задължения на духовниците. Вж и 172;174;291. 5 _b241 _x _z241 |
||
| 100 | 1 |
_aУотсън, Томас _eпърви автор _9290729 |
|
| 700 | 1 |
_aГенчева, Габриела Самуилова _eпрев. от англ. _9367074 |
|
| 139 |
_aУотсън, Томас _bУ 70 |
||
| 245 | 1 | 0 |
_aПокаянието _cТомас Уотсън; прев. от англ. Габриела Самуилова Генчева. |
| 257 | _aBGR | ||
| 260 |
_аСофия _bНов човек _c2005 |
||
| 300 |
_a119 с. _c20 см |
||
| 380 | _a2 | ||
| 490 | 1 |
_aКласическо християнско наследство _v18 |
|
| 500 | _aОриг. загл. The doctrine of repentance / Thomas Watson | ||
| 650 | 4 |
_aХристиянство - обреди _9280456 |
|
| 650 | 4 |
_aХристиянска етика _9244888 |
|
| 653 | _aхристиянство | ||
| 653 | _aхристиянска етика | ||
| 852 | _aЦб 228197 | ||
| 856 | 4 |
_qpdf _u |
|
| 856 | 4 |
_qpdf _u |
|
| 942 |
_cKNG _n0 |
||
| 944 |
_aCR _c21.06.2006 _kЦветанка_Енчева |
||
| 944 |
_aED _c27.06.2006 _k |
||
| 999 |
_c62351 _d62351 |
||